The night before Christmas : a pop-up book / (Запис № 530802)
[ простий вигляд ]
| 000 -LEADER | |
|---|---|
| fixed length control field | 01487cam a2200373M 4500 |
| 001 - CONTROL NUMBER | |
| control field | nightbeforechris19922moor |
| 003 - CONTROL NUMBER IDENTIFIER | |
| control field | CaSfIA |
| 005 - DATE AND TIME OF LATEST TRANSACTION | |
| control field | 20210118193213.0 |
| 007 - PHYSICAL DESCRIPTION FIXED FIELD--GENERAL INFORMATION | |
| fixed length control field | cr|||| |
| 008 - FIXED-LENGTH DATA ELEMENTS--GENERAL INFORMATION | |
| fixed length control field | 050505s1992 xx j 000 0 eng d |
| 040 ## - CATALOGING SOURCE | |
| Original cataloging agency | UKV3G |
| Transcribing agency | UKV3G |
| Modifying agency | CaSfIA |
| 020 ## - INTERNATIONAL STANDARD BOOK NUMBER | |
| International Standard Book Number | 1556702744 |
| 020 ## - INTERNATIONAL STANDARD BOOK NUMBER | |
| International Standard Book Number | 9781556702747 |
| 035 ## - SYSTEM CONTROL NUMBER | |
| System control number | (OCoLC)60289129 |
| 029 1# - (OCLC) | |
| OCLC library identifier | UNITY |
| System control number | 043333877 |
| 029 1# - (OCLC) | |
| OCLC library identifier | UKCEL |
| System control number | 1556702744 |
| 029 1# - (OCLC) | |
| OCLC library identifier | UKGRN |
| System control number | 1556702744 |
| 029 1# - (OCLC) | |
| OCLC library identifier | UKLCL |
| System control number | 1556702744 |
| 029 1# - (OCLC) | |
| OCLC library identifier | UKWIR |
| System control number | 1556702744 |
| 029 1# - (OCLC) | |
| OCLC library identifier | UKSLI |
| System control number | 1556702744 |
| 029 1# - (OCLC) | |
| OCLC library identifier | UKJSY |
| System control number | 1556702744 |
| 029 1# - (OCLC) | |
| OCLC library identifier | UKWLI |
| System control number | 1556702744 |
| 029 1# - (OCLC) | |
| OCLC library identifier | UKPMB |
| System control number | 1556702744 |
| 100 1# - MAIN ENTRY--PERSONAL NAME | |
| Personal name | Moore, Clement C. |
| 245 14 - TITLE STATEMENT | |
| Title | The night before Christmas : a pop-up book / |
| Medium | [electronic resource] |
| Statement of responsibility, etc | illustrated by Patti, Joyce. |
| 260 ## - PUBLICATION, DISTRIBUTION, ETC. (IMPRINT) | |
| Name of publisher, distributor, etc | Stewart, Tabori, |
| Date of publication, distribution, etc | 28-Oct-92. |
| 300 ## - PHYSICAL DESCRIPTION | |
| Other physical details | ill. |
| 500 ## - GENERAL NOTE | |
| General note | Available from Peters Library Service. |
| 506 ## - RESTRICTIONS ON ACCESS NOTE | |
| Standardized terminology for access restriction | Необхідна авторизація на https://archive.org/ (створення облікового запису безкоштовно) |
| 506 ## - RESTRICTIONS ON ACCESS NOTE | |
| Standardized terminology for access restriction | Необхідна авторизація на https://openlibrary.org/ (створення облікового запису безкоштовно) |
| 856 41 - ELECTRONIC LOCATION AND ACCESS | |
| Uniform Resource Identifier | <a href="http://www.archive.org/details/nightbeforechris19922moor">http://www.archive.org/details/nightbeforechris19922moor</a> |
| Public note | Free eBook from the Internet Archive |
| 856 42 - ELECTRONIC LOCATION AND ACCESS | |
| Uniform Resource Identifier | <a href="http://www.openlibrary.org/books/OL24215351M">http://www.openlibrary.org/books/OL24215351M</a> |
| Public note | Additional information and access via Open Library |
| 942 ## - ADDED ENTRY ELEMENTS (KOHA) | |
| Koha item type | ЕКнига |
Немає доступних примірників.